MARC details
| 000 -LÍDER |
| campo de controle de tamanho fixo |
01187 a2200289 4500 |
| 001 - NÚMERO DE CONTROLE |
| campo de controle |
47298 |
| 020 ## - ISBN - INTERNATIONAL STANDARD BOOK NUMBER |
| ISBN - International Standard Book Number |
9788579623868 |
| 041 ## - CÓDIGO DE IDIOMA |
| Código do idioma do texto/trilha sonora ou título diferente |
por |
| 082 ## - CDD - CLASSIFICAÇÃO DECIMAL DE DEWEY |
| Número de Classificação |
999999 |
| 040 ## - FONTE DA CATALOGAÇÃO |
| Instituição da catalogação original |
BR-BrIDEA |
| Instituição que transcreveu o registro |
BR-BrIDEA |
| 090 ## - NÚMERO DE CHAMADA LOCAL |
| Número de chamada (OCLC) (R); Número de chamada, CALL (RLIN) (NR) |
A SK [E] |
| Número Cutter local (OCLC); Número de classificação do livro, CALL (RLIN) |
WIL |
| 100 ## - ENTRADA PRINCIPAL--NOME PESSOAL |
| Nome pessoal |
Willems, Mo. |
| 245 10 - TÍTULO |
| Título |
Estamos em um livro! |
| Indicação de responsabilidade, etc. |
Mo Willems |
| 260 ## - PUBLICAÇÃO, DISTRIBUIÇÃO, ETC. |
| Local de publicação, distribuição, etc. |
São Paulo |
| Nome do editor, distribuidor, etc. |
Objetiva |
| Data da publicação, distribuição, etc. |
2015 |
| 300 ## - DESCRIÇÃO FÍSICA |
| Extensão |
61 p. |
| 490 ## - TÍTULO DA SÉRIE |
| Título da série |
Willems, Mo. Elephant & Piggie book |
| 520 ## - NOTA DE RESUMO, ETC |
| Resumo, etc. |
O Elefante e a Porquinha são melhores amigos. Um dia, percebem que não estão sozinhos - tem alguém olhando para eles! Quem será? Um monstro? Não... é você, leitor! Em Estamos em um livro!, o elefante Geraldo e a Porquinha descobrem a alegria de serem lidos. Mas o que vai acontecer quando o livro acabar? Uma história interativa, em que os adoráveis personagens de Mo Willems conversam diretamente com o leitor e aprontam muitas maluquices |
| 521 ## - NOTA DO PÚBLICO ALVO |
| Nota de público alvo |
IK |
| 697 ## - ENTRADA DE ASSUNTO LOCAL--ENTIDADE COLETIVA (RLIN) |
| Nome corporativo ou nome da jurisdição |
Elephants - Fiction. |
| 697 ## - ENTRADA DE ASSUNTO LOCAL--ENTIDADE COLETIVA (RLIN) |
| Nome corporativo ou nome da jurisdição |
Books and reading - Fiction. |
| 697 ## - ENTRADA DE ASSUNTO LOCAL--ENTIDADE COLETIVA (RLIN) |
| Nome corporativo ou nome da jurisdição |
Humorous fiction. |
| 697 ## - ENTRADA DE ASSUNTO LOCAL--ENTIDADE COLETIVA (RLIN) |
| Nome corporativo ou nome da jurisdição |
Pigs - Fiction. |
| 697 ## - ENTRADA DE ASSUNTO LOCAL--ENTIDADE COLETIVA (RLIN) |
| Nome corporativo ou nome da jurisdição |
Readers (Elementary) |
| 830 ## - ENTRADA SECUNDÁRIA DE SÉRIE--TÍTULO UNIFORME |
| Título uniforme |
Willems, Mo. Elephant & Piggie book |
| 856 ## - LOCALIZAÇÃO ELETRÔNICA E ACESSO |
| Uniform Resource Identifier |
<a href="00001f/00001ff6.jpg">00001f/00001ff6.jpg</a> |
| 942 ## - ELEMENTOS DE ENTRADA ADICIONADOS (KOHA) |
| Tipo de material Koha |
Livros |